000 00690nam a2200193Ii 4500
003 JO-AjNU
008 230605s9999||||xx |||||||||||||| ||und||
040 _aJO-AjNU
_bara
_erda
_cJO-AjNU
041 _aara
050 1 4 _aQA76.73 2004
100 3 _aبصبوص ، محمد جسين/ م مشارك حمزة الغول واخرون ,
_eauthor
_928848
245 0 0 _aالبرمجة بلغة فيجوال بيسك للجميع=Advanced Visual Basic
264 3 1 _aعمان:دار اليازوري ، 2004
300 _a220ص
336 _atext
_btxt
_2rdacontent
337 _aunmediated
_bn
_2rdamedia
338 _avolume
_bnc
_2rdacarrier
650 4 _aالحاسوب - لغة بيسك
_928849
999 _aA11241
_c14809
_d14809